Verseny a fogyasztókért

Faktory ovplyvňujúce lokalizáciu maloobchodných reťazcov. Stratégia lokalizácie štyroch nadnárodných maloobchodných reťazcov: Tesco, Kaufland, Hypernova a Carrefour.

Na minha lista:
Detalhes bibliográficos
Autor principal: Seres Huszárik, Erika
Outros Autores: Dobai Korcsmáros, Enikő
Formato: Capítulo de Livro
Idioma:húngaro
Assuntos:
Tags: Adicionar Tag
Sem tags, seja o primeiro a adicionar uma tag!

MARC

LEADER 00000naa$a2200000$$$4500
001 0175883
005 20240514140215.7
041 0 |a hun 
044 |a SK 
245 1 0 |a Verseny a fogyasztókért  |c Erika Seres Huszárik, Enikő Dobai Korcsmáros 
520 |a Faktory ovplyvňujúce lokalizáciu maloobchodných reťazcov. Stratégia lokalizácie štyroch nadnárodných maloobchodných reťazcov: Tesco, Kaufland, Hypernova a Carrefour. 
610 2 0 |a maloobchod 
610 2 0 |a spoločnosti nadnárodné 
610 2 0 |a siete maloobchodné 
610 2 0 |a zákazníci 
610 2 0 |a Slovensko 
100 1 |a Seres Huszárik, Erika 
700 1 |a Dobai Korcsmáros, Enikő